| 000 | 00366nam a22001337a 4500 | ||
|---|---|---|---|
| 005 | 20140106112951.0 | ||
| 008 | 140106b xxu||||| |||| 00| 0 eng d | ||
| 050 |
_aBX5330. _bM994 2007 |
||
| 100 |
_aMwamba, Trevor _96503 |
||
| 245 |
_aDancing Sermons _cMwamba, Trevor |
||
| 260 |
_aLondon _bSPCK Publishers _c2007 |
||
| 300 |
_a73p. ; _c22cm. |
||
| 942 |
_2lcc _cMONOGRAPH |
||
| 999 |
_c119504 _d119504 |
||